Online Catalogue and eLibrary

Politics and globalization : (Record no. 2602)

MARC details
000 -LEADER
fixed length control field 00459nam a2200181Ia 4500
005 - DATE AND TIME OF LATEST TRANSACTION
control field 20240402024523.0
008 - FIXED-LENGTH DATA ELEMENTS--GENERAL INFORMATION
fixed length control field 240331s9999 xx 000 0 und d
020 ## - INTERNATIONAL STANDARD BOOK NUMBER
ISBN 0415206987
082 ## - DDC Classification
Item Number - Author Mark POL
Class No. 330
100 ## - MAIN ENTRY--PERSONAL NAME
Personal name Shaw, Martin
245 #0 - TITLE STATEMENT
Title Politics and globalization :
Remainder of title knowledge, ethics and agency
250 ## - EDITION STATEMENT
Edition statement 1 St.
260 ## - PUBLICATION, DISTRIBUTION, ETC.
Place of publication, distribution, etc. London :
Name of publisher, distributor, etc. Routledge /
Date of publication, distribution, etc. 1999.
300 ## - PHYSICAL DESCRIPTION
Extent (e.g. Volumes, Pages etc.) x, 229 p.,
650 ## - SUBJECT ADDED ENTRY--TOPICAL TERM
Topical term or geographic name entry element Globalization.
650 ## - SUBJECT ADDED ENTRY--TOPICAL TERM
Topical term or geographic name entry element Social.
942 ## - Koha item type (Biblio)
Koha item type Books in Stacks (Lending)
Holdings
Lost status Damaged status Collection code Home library Current library Shelving location Date acquired Full call number Accession Number Item type
    Lending WERC Library WERC Library Social Science Cupboard 03/31/2024 330 POL 4248 Books in Stacks (Lending)

© WERC Library